000 01030nam a22002417a 4500
005 20240530110918.0
008 220221s2009 ua a g b 000 0 ara d
020 _a9789953822884
040 _aEG-CaGPL
_cEG-CaGPL
082 0 4 _221
_a333.8232 /
_bا ط
100 1 _aابراهيم شريف السيد
245 1 2 _aالطفرة النفطية الثالثة وانعكاسات الازمة المالية العالمية :
_bحالة اقطار مجلس التعاون لدول الخليج العربية /
_cابراهيم شريف السيد ؛ محرر على خليفة الكوارى
250 _aط.1
260 _aبيروت :
_bمركز دراسات الوحدة العربية،
_c2009
300 _a431 ص؛
_c24 سم
650 0 7 _aالعالم العربى
_2qrmak
650 0 7 _aمجلس التعاون الخليجى
_2qrmak
650 0 7 _aالنفط
_2qrmak
650 0 7 _aالازمة المالية العالمية
_2qrmak
651 _2qrmak
942 _2ddc
_cBK
999 _c66430
_d66430